| 000 | 00746cam a2200253 4500 | ||
|---|---|---|---|
| 008 | 090401t1997 xxu||||| |||| 00| 0 eng d | ||
| 020 | _a0793126568 | ||
| 035 | _a(Sirsi) u81120 | ||
| 041 | _aeng | ||
| 050 | _a333.3320973 | ||
| 100 | _aTosh, Dennis S. | ||
| 245 | _aUniform standards of professional appraisal practice: applying the standards. | ||
| 250 | _a4th ed. update | ||
| 260 |
_aChicago, IL _bReal Estate Education Company _c1997 |
||
| 300 | _aviii,173p. ; 28cm. | ||
| 350 | _a33.65 | ||
| 650 | _aUNIFORM STANDARDS OF PROFESSIONAL APPRAISAL PRACTICE | ||
| 650 | _aUNITED STATES | ||
| 650 | _aVALUATION STANDARDS | ||
| 690 | _aRATING AND VALUATION | ||
| 700 | _aRayburn, William B. | ||
| 942 | _n0 | ||
| 948 | _c29/09/1997 | ||
| 999 |
_c96673 _d96673 |
||